| 000 | 00671cam a22002173a 4500 | ||
|---|---|---|---|
| 001 | 37714 | ||
| 003 | PGUSA | ||
| 005 | 20140828083827.0 | ||
| 008 | 111011s2011||||xxu|||||s|||||000 | eng d | ||
| 040 |
_aPGUSA _beng |
||
| 042 | _adc | ||
| 100 | 1 |
_aCundall, H. M. _q(Herbert Minton), _d1848-1940 |
|
| 245 | 1 | 0 |
_aBirket Foster, R.W.S. : _bSixteen examples in colour of the artist's work _h[electronic resource] / _cH. M. Cundall |
| 260 |
_bProject Gutenberg, _c2011 |
||
| 506 | _aPublic domain in the USA. | ||
| 516 | _aElectronic text | ||
| 700 | 1 | _aFoster, Birket | |
| 830 | 0 |
_aProject Gutenberg _v37714 |
|
| 856 | 4 | 0 | _uhttp://www.gutenberg.org/ebooks/37714 |
| 942 | _cEB | ||
| 999 |
_c266968 _d266968 |
||